=LDR 00000nam 2200000 4500 =001 NUTBA000000000002970 =005 20140714113220.0 =006 =007 =008 =020 ##$$a 978-602-2855-325-4 =035 ##$$a 0010-071400000000158 =040 ##$$a NBPDMAT =082 ##$$a 748 =090 ##$$a 748 $b Cep p =100 ##$$a Cepy Suherman =245 ##$$a Pernak - pernik kerajinan kaca / $c Cepy Suherman =260 ##$$a Jakarta : $b Buana Cipta Pustaka, $c 2009 =300 ##$$a 62 hlm. : $b ilus. ; $c 21 cm. =650 ##$$a Kerajinan Kaca =850 ##$$a NBPDMAT =990 ##$$a 21403327